Turbomachines (Record no. 6341)

000 -LEADER
fixed length control field 00565nam a2200205 i 4500
001 - CONTROL NUMBER
control field 6341
003 - CONTROL NUMBER IDENTIFIER
control field BD-DhUET
008 - FIXED-LENGTH DATA ELEMENTS--GENERAL INFORMATION
fixed length control field 800825s1981 nyua b 001 0 eng
020 ## - INTERNATIONAL STANDARD BOOK NUMBER
International Standard Book Number 0471060364
040 ## - CATALOGING SOURCE
Original cataloging agency DLC
Transcribing agency DLC
Modifying agency BD-DhUET
082 ## - DEWEY DECIMAL CLASSIFICATION NUMBER
Classification number 621.165
Item number BAL/1981
100 1# - MAIN ENTRY--PERSONAL NAME
Personal name Balje, O. E.
245 10 - TITLE STATEMENT
Title Turbomachines
Remainder of title a guide to design selection and theory
Statement of responsibility, etc. by O. E. Balje
250 ## - EDITION STATEMENT
Edition statement 1st ed.
260 ## - PUBLICATION, DISTRIBUTION, ETC. (IMPRINT)
Place of publication, distribution, etc. New York
Name of publisher, distributor, etc. John Wiley and Sons
Date of publication, distribution, etc. 1981
300 ## - PHYSICAL DESCRIPTION
Extent x, 513 p.
Other physical details ill.
Dimensions 24 cm.
504 ## - BIBLIOGRAPHY, ETC. NOTE
Bibliography, etc Includes bibliographies
650 #0 - SUBJECT ADDED ENTRY--TOPICAL TERM
Topical term or geographic name as entry element Turbomachines
942 ## - ADDED ENTRY ELEMENTS (KOHA)
Koha item type General Book
Holdings
Koha date last seen Withdrawn status Sublocation or collection (holding branch) Koha full call number Location (home branch) Lost status Source of classification or shelving scheme Price effective from Koha normalized classification for sorting Date acquired Shelving location Copy number Not for loan Damaged status Piece designation (barcode) Koha item type
2014-12-02 Central Library, BUET621.165/BAL/1981Central Library, BUET  2014-12-02621_000000000000000_165BAL19812014-12-02Circulation section1  61480General Book
2015-04-26 Central Library, BUET621.165 /BAL/1981Central Library, BUET  2014-12-07621_165000000000000_BAL19812014-12-07Circulation section9  61485General Book
2014-12-07 Central Library, BUET621.165 /BAL/1981Central Library, BUET  2014-12-07621_165000000000000_BAL19812014-12-07Circulation section6  61482General Book
2014-12-07 Central Library, BUET621.165 /BAL/1981Central Library, BUET  2014-12-07621_165000000000000_BAL19812014-12-07Circulation section10  61486General Book
2014-12-07 Central Library, BUET621.165 /BAL/1981Central Library, BUET  2014-12-07621_165000000000000_BAL19812014-12-07Circulation section3  61479General Book
2014-12-07 Central Library, BUET621.165 /BAL/1981Central Library, BUET  2014-12-07621_165000000000000_BAL19812014-12-07Circulation section5  61481General Book
2014-12-07 Central Library, BUET621.165 /BAL/1981Central Library, BUET  2014-12-07621_165000000000000_BAL19812014-12-07Circulation section8  61484General Book
2014-12-07 Central Library, BUET621.165 /BAL/1981Central Library, BUET  2014-12-07621_165000000000000_BAL19812014-12-07Circulation section2  61478General Book
2015-04-23 Central Library, BUET621.165/BAL/1981Central Library, BUET  2015-04-23621_165000000000000_BAL_19812015-04-23Circulation section11  61477General Book